Score 0/25 Timer 06:00
1 Play Today
Hint Answer % Correct
Dora the Explorer
92.3%
Game of Thrones
91.1%
2 Broke Girls
87.5%
The Powerpuff Girls
84.1%
The Addams Family
79.8%
My Little Pony
79%
Friday Night Lights
77.8%
House of Cards (US)
75.8%
Xena: Warrior Princess
75.6%
Will & Grace
72.5%
Married... With Children
72.1%
Mork & Mindy
71.6%
The Walking Dead
71.2%
Hint Answer % Correct
Mike & Molly
70.7%
Doogie Howser, M.D.
65%
Everybody Hates Chris
64.8%
Laverne and Shirley
62.7%
Law & Order
61.5%
Unbreakable Kimmy Schmidt
58.2%
Better Call Saul
56.6%
This Is Us
42.8%
Jane the Virgin
42%
One Tree Hill
40.4%
Rocko's Modern Life
37.2%
Yo Gabba Gabba!
27.7%
Remove Ads.
Support Sporcle.
Get the best of Sporcle when you Go Orange. This ad-free experience offers more features, more stats, and more fun while also helping to support Sporcle. Thank you for becoming a member.

You're not logged in!

Compare scores with friends on all Sporcle quizzes.
OR
Log In

Show Comments

Extras

Top Quizzes Today


Score Distribution

Your Account Isn't Verified!

In order to create a playlist on Sporcle, you need to verify the email address you used during registration. Go to your Sporcle Settings to finish the process.

Report this User

Report this user for behavior that violates our Community Guidelines.

Details: